Merry Christmas (I Don't Want to Fight Tonight) Lyrics - Statistics

General Stats
  • This quiz has been taken 17 times
  • The average score is 141 of 229
Answer Stats
Answer % Correct
I
100%
Me
100%
To
100%
All
83%
Christmas
83%
It
83%
Merry
83%
The
83%
This
83%
You
83%
And
67%
Are
67%
Be
67%
Don't
67%
Fight
67%
In
67%
Is
67%
So
67%
Their
67%
Tonight
67%
Want
67%
Way
67%
Where
67%
Why
67%
With
67%
Always
50%
Baby
50%
Beds
50%
Children
50%
His
50%
It's
50%
Rudolph
50%
Santa
50%
Sleigh
50%
Tell
50%
Tucked
50%
Yeah
50%
Ah
33%
At
33%
Because
33%
For
33%
Love
33%
Time
33%
Ain't
17%
Blitzen
17%
Breaking
17%
Dancing
17%
Each
17%
Exciting
17%
Fairies
17%
Fighting
17%
From
17%
Got
17%
Heads
17%
Heart
17%
Knew
17%
Others
17%
Plum
17%
Snowball
17%
Start
17%
Sugar
17%
That's
17%
No matching quizzes found
Score Distribution
Percent of People with Each Score
Percentile by Number Answered
Your Score History
You have not taken this quiz